00469cam a2200169ua 45000010005000000080039000050200018000440400009000620820011000711000028000822450054001102500009001642600053001733000023002266530014002496530036002631838110811n ii |||gr||||Z||||||eng a0-7069-4355-4 cMAIN a370.15 aChauhan, S. S,eAuthor.1 aAdvanced educational psychologycby S. S. Chauhan a4th. aNew Delhi:bVikas publishing house pvt. ltd,988. axiii; 536p:c23cm. aEducation aAdvanced educational psychology